000
00333pam a2200157a 44500
008
230515b2009 xxu||||| |||| 00| 0 eng d
020
_a
NULL
041
_a
ENGLISH
082
_a
612/ARO
100
_a
ARROR
245
_a
PRACTICAL MICROBIOLOGY
250
_a
0
260
_a
_b
C B S PUB
_c
2009
300
_a
217
650
_a
NULL
999
_c
561021
_d
561021